LEADER 01087nam a2200253 i 4500 001 000000074067 003 CaOOAMICUS 005 20070406000000.0 008 070406s1934 it u000 u ita u 013 $a45239 040 $aSeMil$bita 100 1 $aSerra, Renato,$d<1884-1915>.$0(OLS)http://semarc/name/36460 245 10$aEpistolario /$cdi Renato Serra ; a cura di Luigi Ambrosini, Giuseppe De Robertis, Alfredo Grilli. 260 $aFirenze :$bLe Monnier,$c1934. 300 $aXII, 614 p., [1] p. di ritratto ;$c19 cm. 500 $aContiene : Curriculum Vitae 1884-1915. 650 4$aEpistolari.$0(OLS)http://semarc/subject/1376 700 1 $aGrilli, Alfredo.$0(OLS)http://semarc/name/36762 700 1 $aDe Robertis, Giuseppe,$d<1888-1963>.$0(OLS)http://semarc/name/1219 700 1 $aAmbrosini, Luigi.$0(OLS)http://semarc/name/35011 850 $aSeMil 852 $aSeMil$W1$xVenegono$y1$m1B IV 12$j40219$B40219$CSeMilBibl$Z2$F40223 $81 996 $6245$aEpistolario$9(OLS)http://semarc/title/1211 996 $6260$aFirenze :$bLe Monnier$9(OLS)http://semarc/publisher/30060 LEADER 01112nas a2200229 i 4500 001 000000225820 003 CaOOAMICUS 005 20200408103447.0 008 131218b1893 it uu u0 0ger r 013 $a204722 040 $aSeMil$bita 100 1 $aDreves, Guido Maria,$c.$0(OLS)http://semarc/name/71480 245 10$aAurelius Ambrosius, "der Vater des Kirchengesanges" :$beine hymnologische Studie /$cvon Guido Maria Dreves. 264 1$aFreiburg im Breisgau :$bHerdersche Verlagshandlung,$c1893. 300 $aV, 146 p. ;$c23 cm. 650 4$aAmbrogio - Inni.$0(OLS)http://semarc/subject/15045 772 0 $tStimmen aus Maria-Laach.$dFreiburg im Breisgau : Herder, 1871-1914.$w()2962 850 $aSeMil 852 $aSeMil$W1$xVenegono$y1$m2T III 4 FA$j176166$B176166$CSeMilBibl$Z2$F186698 $8I 996 $6245$aAurelius Ambrosius, "der Vater des Kirchengesanges" :$beine hymnologische Studie$9(OLS)http://semarc/title/323426 996 $6264$aFreiburg im Breisgau :$bHerdersche Verlagshandlung$9(OLS)http://semarc/publisher/31301